A short history of the English Parliament / (Record no. 718)

000 -LEADER
fixed length control field 00677cam a2200241u 4500
001 - CONTROL NUMBER
control field 8223066
003 - CONTROL NUMBER IDENTIFIER
control field OSt
005 - DATE AND TIME OF LATEST TRANSACTION
control field 20140116120836.0
008 - FIXED-LENGTH DATA ELEMENTS--GENERAL INFORMATION
fixed length control field 830505s1882 enk a 000 0 eng
010 ## - LIBRARY OF CONGRESS CONTROL NUMBER
LC control number 10007257
020 ## - INTERNATIONAL STANDARD BOOK NUMBER
International Standard Book Number 9781143047077
040 ## - CATALOGING SOURCE
Transcribing agency CarP
Modifying agency DLC
043 ## - GEOGRAPHIC AREA CODE
Geographic area code e-uk---
050 00 - LIBRARY OF CONGRESS CALL NUMBER
Classification number JN508 .B5 1883
100 1# - MAIN ENTRY--PERSONAL NAME
Personal name Bisset, Andrew,
245 02 - TITLE STATEMENT
Title A short history of the English Parliament /
Statement of responsibility, etc Bisset, Andrew.
260 ## - PUBLICATION, DISTRIBUTION, ETC. (IMPRINT)
Place of publication, distribution, etc London,
-- Edinburgh,
Name of publisher, distributor, etc Williams and Norgate,
Date of publication, distribution, etc 1883
300 ## - PHYSICAL DESCRIPTION
Extent vi, 132 p.:
Dimensions 20 cm.
610 10 - SUBJECT ADDED ENTRY--CORPORATE NAME
Corporate name or jurisdiction name as entry element Great Britain.
Subordinate unit Parliament
906 ## - LOCAL DATA ELEMENT F, LDF (RLIN)
a 0
b cbc
c premunv
d u
e ncip
f 19
g y-gencatlg
942 ## - ADDED ENTRY ELEMENTS (KOHA)
Source of classification or shelving scheme
Koha item type Book
Holdings
Withdrawn status Lost status Source of classification or shelving scheme Damaged status Not for loan Home library Current library Shelving location Date acquired Total Checkouts Full call number Barcode Date last seen Copy number Price effective from Koha item type
          Riara University Library Riara University Library General stack 27/10/2011   JN508 .B57 1883 2396/11 27/10/2011 C.1 27/10/2011 Book
          Riara University Library Riara University Library General stack 27/10/2011   JN508 .B57 1883 2395/11 27/10/2011 C.2 27/10/2011 Book
          Riara University Library Riara University Library General stack 27/10/2011   JN508 .B57 1883 2267/11 27/10/2011 C.3 27/10/2011 Book

Riara University Library,
P.O. Box 49940-00100,
Nairobi, Kenya.